"Green" Vocabulary Words Quiz - Statistics

General Stats
  • This quiz has been taken 49 times
  • The average score is 6 of 15
Answer Stats
Description Word % Correct
A building with a roof and sides made of glass, used for growing plants. Greenhouse
100%
Island country between the Arctic and Atlantic Oceans. Greenland
91%
Green plants or branches, especially when cut and used as decoration. Greenery
70%
A beautiful, historic, unmissable area of London. It's where hemispheres meet. Greenwich
70%
A US dollar. Greenback
53%
A person who owns or works in a shop that sells fresh vegetables and fruit. Greengrocer
53%
To make people believe that your company is doing more to protect the environment than it really is. Greenwash
30%
A very small, pale green insect that often harms plants. Greenfly
28%
A small, greenish-yellow plum. Greengage
16%
A person who cares very much about the environment and wants to protect it from being damaged. Greenie
16%
A medium-sized greenish bird, common in Europe. Greenfinch
14%
A person who is not experienced. Greenhorn
14%
Used to refer to land that has not yet been built on, or buildings built on land that had never been used before. Greenfield
12%
The act of buying enough shares in a company to be able to control it, in order to force the owners of the company to buy back these shares at a very high price. Greenmail
2%
Used to describe a job that is related to the protection of the natural environment. Green-collar
0%
No matching quizzes found
Score Distribution
Percent of People with Each Score
Percentile by Number Answered
Your Score History
You have not taken this quiz